| 000 | 00491nam a2200157 a 4500 | ||
|---|---|---|---|
| 001 | 000037658 | ||
| 005 | 20201002031111.0 | ||
| 008 | 121024s2008 pr a 000 0 spa d | ||
| 020 | _a9786034008656 | ||
| 040 |
_aDO-SdBNP _bspa _cBNPHU |
||
| 082 |
_axxx _bA347s |
||
| 100 | 1 |
_aAlcántara P., Wilfredo _964127 |
|
| 245 | 1 | 0 |
_aSecretos para el éxito personal / _cWilfredo Alcántara P. |
| 260 |
_aLima, Perú : _bInstituto de Desarrollo Humano, AMEX, _c2008. |
||
| 300 |
_a143 p. : _bil. ; _c21 cm. |
||
| 999 |
_c37148 _d37148 |
||